Billie Eilish - Discography - Statistics

General Stats
  • This quiz has been taken 146 times
  • The average score is 51 of 64
Answer Stats
Hint Answer % Correct
1. !!!!!!!
100%
15. Happier Than Ever
99%
(Kahlid) lovely
99%
2. bad guy
97%
(Charli XCX) Guess
97%
7. ocean eyes
96%
(Barbie) What Was I Made For?
95%
13. i love you
94%
1. COPYCAT
91%
(Guitar Songs) TV
91%
3. xanny
91%
6. belly ache
88%
10. bury a friend
88%
14. goodbye
88%
2. idontwannabeyouanymore
87%
(Extended Edit) L'AMOUR DE MA VIE
87%
7. L'AMOUR DE MA VIE
87%
13. NDA
87%
(Guitar Songs) The 30th
87%
2. LUNCH
86%
4. my future
86%
9. &burn
85%
4. you should see me in a crown
85%
5. all the good girls go to hell
83%
4. BIRDS OF A FEATHER
83%
12. listen before i go
83%
3. my boy
83%
10. BLUE
82%
14. Therefore I Am
82%
4. watch
82%
5. WILDFLOWER
82%
3. CHIHIRO
81%
11. ilomilo
81%
16. Male Fantasy
81%
1. SKINNY
81%
8. THE DINER
81%
8. 8
79%
1. Getting Older
79%
6. THE GREATEST
78%
12. Your Power
78%
9. BITTERSUITE
77%
8. hostage
77%
3. Billie Bossa Nova
76%
6. GOLDWING
76%
5. Oxytocin
76%
7. when the party's over
76%
6. wish you were gay
76%
5. party favor
74%
(Single) everything i wanted
73%
8. Halley's Comet
72%
7. Lost Cause
72%
(ROSALIA) Lo Vas A Olvidar
71%
10. OverHeated
71%
(Single) Six Feet Under
71%
(Single) Bored
69%
(Single) come out and play
69%
2. I Didn't Change My Number
69%
9. my strange addiction
69%
(Single) bitches broken hearts
68%
9. Not My Responsibility
68%
(Single) No Time To Die
65%
11. Everybody Dies
64%
(Single) WHEN I WAS OLDER
62%
(Singles) hotline (edit)
33%
No matching quizzes found
Score Distribution
Percent of People with Each Score
Percentile by Number Answered
Your Score History
You have not taken this quiz